Experimentálna psychológia : Vysokoškolská učebnica /

Gespeichert in:
Bibliographische Detailangaben
1. Verfasser: Boroš, Július (xxx)
Format: Buch
Sprache:Slowakisch
Veröffentlicht: Bratislava : Slovenské pedagogické nakladateľstvo, 1987
Ausgabe:1.vyd.
Schlagworte:
Online-Zugang:OBSAH
Tags: Tag hinzufügen
Keine Tags, Fügen Sie das erste Tag hinzu!

MARC

LEADER 00000nam a22000003a 4500
001 stu38892
005 20150617225725.5
008 921201s1987----cs------------------slo-d
040 |a STU  |b slo 
041 0 |a slo 
044 |a cs 
080 |a 159.9.07(075.8) 
100 1 |a Boroš, Július  |4 xxx  |u M  |T MTF Materiálovotechnologická fakulta  |U M  |Y 60 
245 1 |a Experimentálna psychológia :  |b Vysokoškolská učebnica /  |c Július Boroš a kol 
250 |a 1.vyd. 
260 |a Bratislava :  |b Slovenské pedagogické nakladateľstvo,  |c 1987 
300 |a 209 s 
650 7 |a Psychológia experimentálna  |2 stusub 
856 4 |a https://sweb.mtf.stuba.sk/obsahy/experimentalna_psychologia_85  |u https://sweb.mtf.stuba.sk/obsahy/experimentalna_psychologia_85  |3 OBSAH 
996 |b 284M015818  |c M*8180-1  |l MMKN  |s A  |a 24  |w stu38892_0001 
996 |b 284M033966  |c M*8180-2  |l MMST  |s A  |a 24  |w stu38892_0002